| 000 | 00414nam a2200157 a 4500 | ||
|---|---|---|---|
| 005 | 20260322212018.0 | ||
| 008 | data | ||
| 010 | _a48-004537 | ||
| 096 | _aWM 460 E34t 1948 | ||
| 100 | 1 |
_aEidelberg, Ludwig, _d1898- |
|
| 245 | 1 | 0 |
_aTake off your mask _cLudwig Eidelberg |
| 260 |
_aNew York _bInternational Universities Press _cc1948 |
||
| 300 |
_a230 p. ; _c 22 cm. |
||
| 650 | 0 | 2 |
_aPsychoanalysis _vpopular works |
| 001 | data | ||
| 999 |
_c401 _d401 |
||